00269nam a22000857a 450000500170000000800410001704000080005824500670006626000500013320200914143505.0200914b ||||| |||| 00| 0 eng d cCML aAn Introduction to the Study of Map Projections.cSteers, J.A. aLondon bUniversity of London Press Ltdc1962